JRの特急列車(現在) - Statistics

General Stats
  • This quiz has been taken 1,328 times
    1,002 since last reset
  • The average score is 64 of 98
Answer Stats
Answer % Correct
のぞみ
89%
ひかり
89%
こだま
89%
とき
89%
はやぶさ
87%
さくら
86%
こまち
86%
はくたか
84%
あずさ
84%
サンダーバード
84%
つばめ
83%
かがやき
83%
ひたち
83%
みずほ
82%
つるぎ
82%
かもめ
81%
かいじ
80%
踊り子
80%
ひだ
79%
なすの
77%
つばさ
77%
はやて
77%
しなの
77%
あさま
76%
やまびこ
76%
宗谷
76%
北斗
76%
いなほ
76%
ときわ
76%
くろしお
76%
ライラック
75%
成田エクスプレス
75%
サンライズ出雲
75%
サンライズ瀬戸
74%
はるか
74%
ソニック
74%
スーパーはくと
73%
たにがわ
72%
南紀
72%
しらさぎ
72%
スーパーおき
72%
やくも
70%
にちりん
70%
オホーツク
69%
おおぞら
68%
つがる
68%
南風
67%
カムイ
66%
サフィール踊り子
66%
わかしお
65%
湘南
65%
ふじかわ
65%
伊那路
65%
こうのとり
65%
さざなみ
64%
しらゆき
63%
しおさい
63%
あかぎ
62%
きのさき
62%
うずしお
62%
ハウステンボス
62%
ゆふ
62%
とかち
61%
すずらん
61%
はまかぜ
61%
スーパーいなば
61%
しおかぜ
61%
いしづち
61%
サロベツ
60%
はしだて
59%
みどり
59%
にちりんシーガイア
59%
草津・四万
57%
リレーかもめ
56%
スーパーまつかぜ
55%
スペーシア日光
54%
まいづる
54%
富士回遊
53%
らくラクはりま
53%
宇和海
53%
剣山
53%
きりしま
51%
九州横断特急
50%
しまんと
49%
あしずり
48%
らくラクびわこ
47%
きぬがわ
46%
スーパーつがる
45%
能登かがり火
45%
きらめき
44%
らくラクやまと
42%
ひゅうが
41%
かいおう
41%
ふじさん
40%
まほろば
37%
かささぎ
37%
モーニングEXP松山
24%
モーニングEXP高松
23%
No matching quizzes found
Score Distribution
Percent of People with Each Score
Percentile by Number Answered
Your Score History
You have not taken this quiz since the last reset